000
00299nam a2200109Ia 4500
008
200302s9999 xx 000 0 und d
100
_a
Shashank Jain & Other
245
_a
Coreidraw 10 Training Guide Visual Reference Basics
260
_b
B P B Publishing Co. Ltd.
260
_c
2002
300
_a
188 P.,
999
_c
1882
_d
1882